Elements of mechanics of materials (Record no. 6596)

000 -LEADER
fixed length control field 00580nam a22002051 4500
001 - CONTROL NUMBER
control field 6129579
003 - CONTROL NUMBER IDENTIFIER
control field BD-DhUET
008 - FIXED-LENGTH DATA ELEMENTS--GENERAL INFORMATION
fixed length control field 730221s1966 njua b 000 0 eng
040 ## - CATALOGING SOURCE
Original cataloging agency DLC
Transcribing agency ODaWU
Modifying agency OCoLC
-- Uk
-- BD-DhUET
050 00 - LIBRARY OF CONGRESS CALL NUMBER
Classification number TA405
Item number .O37 1966
082 ## - DEWEY DECIMAL CLASSIFICATION NUMBER
Classification number 620.11
Item number OLS/1966
100 1# - MAIN ENTRY--PERSONAL NAME
Personal name Olsen, Gerner A.
245 10 - TITLE STATEMENT
Title Elements of mechanics of materials
Statement of responsibility, etc. by Gerner A. Olsen
250 ## - EDITION STATEMENT
Edition statement 2d ed.
260 ## - PUBLICATION, DISTRIBUTION, ETC. (IMPRINT)
Place of publication, distribution, etc. New Jersey
Name of publisher, distributor, etc. Prentice-Hall
Date of publication, distribution, etc. 1966
300 ## - PHYSICAL DESCRIPTION
Extent xxii, 591 p.
Other physical details illus.
Dimensions 24 cm.
504 ## - BIBLIOGRAPHY, ETC. NOTE
Bibliography, etc includes bibliographics
650 #0 - SUBJECT ADDED ENTRY--TOPICAL TERM
Topical term or geographic name as entry element Strength of materials
942 ## - ADDED ENTRY ELEMENTS (KOHA)
Koha item type General Book
Holdings
Not for loan Koha full call number Shelving location Date acquired Sublocation or collection (holding branch) Lost status Source of classification or shelving scheme Copy number Piece designation (barcode) Koha item type Koha normalized classification for sorting Location (home branch) Koha date last seen Withdrawn status Price effective from Koha date last borrowed Koha issues (times borrowed) Damaged status
 620.11 /OLS/1966Circulation section2014-12-04Central Library, BUET  2829221Contented Book 620_110000000000000_OLS_1966Central Library, BUET2014-12-04 2014-12-04   
 620.11 /OLS/1966Circulation section2014-12-04Central Library, BUET  2329216Contented Book 620_110000000000000_OLS_1966Central Library, BUET2018-12-04 2014-12-042018-11-201 
 620.11/OLS/1966Circulation section2014-12-04Central Library, BUET  1329206Contented Book 620_110000000000000_OLS_1966Central Library, BUET2022-10-01 2014-12-042022-08-291 
 620.11/OLS/1966Circulation section2014-12-04Central Library, BUET  419846Contented Book 620_110000000000000_OLS_1966Central Library, BUET2014-12-04 2014-12-04   
 620.11/OLS/1966Circulation section2014-12-04Central Library, BUET  152406Contented Book 620_110000000000000_OLS_1966Central Library, BUET2022-07-23 2014-12-042022-06-201 
 620.11/OLS/1966Reading section2015-06-16Central Library, BUET  613917Reading Item620_110000000000000_OLS_1966Central Library, BUET2015-06-16 2015-06-16   
 620.11/OLS/1966Reading section2015-06-29Central Library, BUET  829227Reading Item620_110000000000000_OLS_1966Central Library, BUET2015-06-29 2015-06-29